Gallos y galleros / (Registro nro. 14633)

Detalles MARC
000 -LIDER
fixed length control field 01294nam a2200265 a 4500
001 - NÚMERO DE CONTROL
Identificador de número de control 000029937
003 - IDENTIFICACDOR DE NÚMERO DE CONTROL
control field DO-SdBNP
005 - DATE AND TIME OF LATEST TRANSACTION
control field 20240419104537.0
008 - ELEMENTOS DE LONGITUD FIJA
fixed length control field 110427s1985 dr a r 000 0 spa d
040 ## - FUENTE DE CATALOGACIÓN
Agencia que crea de manera original el registro DO-SdBNP
Idioma de catalogación spa
Agencia que realiza la transcripción BPMSU
082 #4 - NÚMERO DE CLASIFICACIÓN DECIMAL DE DEWEY
Classification number 791.8
Item number P592g 1985
Edition number 22
100 1# - ASIENTO PRINCIPAL -- NOMBRE PERSONAL
Nombre personal Pichardo, José M.
245 10 - MENCIÓN DE TITULO
Título Gallos y galleros /
Mención de responsabilidad José M. Pichardo ; ilustraciones de Guillo Pérez ; edición Pilar Soto de Rainieri.
260 ## - PUBLICACIÓN, DISTRIBUCIÓN, ETC. (PIE DE IMPRENTA)
Lugar de publicación, distribución, etc Santo Domingo :
Nombre del editor, distribuidor, etc. Sociedad Dominicana de Bibliófilos,
Fecha de publicación, distribución, etc 1985.
300 ## - DESCRIPCIÓN FÍSICA
Extensión 152 p. :
Otros detalles físicos il. ;
Dimensiones 20 cm.
490 0# - MENCIÓN DE SERIES
Mención de serie Cultura dominicana,
Volume/sequential designation 56
505 #0 - NOTA DE CONTENIDO
Texto normalizado de contenido Riña de gallos 23 -- Gallos de riña o pelea 49 -- Colores y matices de los plumajes 59 -- El gallero 63 -- Adiestramiento y cuidado de los gallos 71 -- Concertación de peleas y apuestas 77 -- Careos y careadores 81 -- Las heridas y sus nombres 87 -- Argot gallístico 93 -- El destino inexorable 111 -- El ocaso de un caudillo 117 -- La proeza del gallo canelo 123 -- Crónicas gallisticas 129
650 #4 - ENCABEZAMIENTO DE MATERIA--TEMÁTICO
Término temático o nombre geográfico como elemento de entrada Peleas de gallos
Subdivisión temática general Juegos.
650 #4 - ENCABEZAMIENTO DE MATERIA--TEMÁTICO
Término temático o nombre geográfico como elemento de entrada Gallos de pelea
Subdivisión temática general Historia.
650 #4 - ENCABEZAMIENTO DE MATERIA--TEMÁTICO
Término temático o nombre geográfico como elemento de entrada Peleas de gallos
Subdivisión geográfica República Dominicana
700 1# - ASIENTO SECUNDARIO -- NOMBRE PERSONAL
Nombre personal Pérez, Guillo
Mención de responsabilidad ilustración
700 1# - ASIENTO SECUNDARIO -- NOMBRE PERSONAL
Nombre personal Soto de Rainieri, Pilar
Mención de responsabilidad editora
910 ## - VALIDACIÓN
Validación VMateo V. Control de calidad. BPMSU
942 ## - ADDED ENTRY ELEMENTS (KOHA)
Source of classification or shelving scheme Dewey Decimal Classification
Koha item type Libros
Existencias
Withdrawn status Lost status Source of classification or shelving scheme Damaged status Not for loan Collection code Home library Current library Date acquired Total Checkouts Full call number Barcode Date last seen Price effective from Koha item type
    Dewey Decimal Classification     Colección Dominicana Biblioteca Pública Metropolitana Salomé Ureña Biblioteca Pública Metropolitana Salomé Ureña 04/19/2024   BPMSU CD 791.8 P592g 1985 BPMSU24040023 04/19/2024 04/19/2024 Libros